[Event "ST-2021-0-00190"]
[Site "LSS email"]
[Date "2021.05.17"]
[Round "?"]
[White "Ploscaru, Stelian"]
[Black "Depasse, Jean Marc"]
[Result "1/2-1/2"]
[WhiteElo "2322"]
[BlackElo "2377"]
[PlyCount "57"]
[EventDate "2021.04.06"]
[EventType "tourn (corr)"]
[EventRounds "6"]
[EventCountry "GER"]
[SourceTitle "Corr 2024"]
[Source "ChessBase"]
[SourceDate "2023.10.19"]
[SourceVersion "1"]
[SourceVersionDate "2023.10.19"]
[SourceQuality "1"]

1. e4 e5 2. Nf3 Nc6 3. Bb5 a6 4. Ba4 Nf6 5. d3 d6 6. c3 g6 7. 0-0 Bg7 8. Re1 0-0 9. Nbd2 Re8 10. Bc2 d5 11. a4 Be6 12. b4 b6 13. Bb2 h6 14. Qc1 b5 15. Nb3 Nd7 16. h3 Qe7 17. d4 Qd6 18. Nc5 exd4 19. Nxd4 Nxc5 20. bxc5 Qxc5 21. axb5 Nxd4 22. cxd4 Qb6 23. bxa6 Reb8 24. Bc3 Rxa6 25. Rxa6 Qxa6 26. e5 Qc8 27. Qe3 Bf8 28. Rc1 c5 29. dxc5 1/2-1/2

[Event "ST-2021-0-00190"]
[Site "LSS email"]
[Date "2021.05.11"]
[Round "?"]
[White "Willmann, Bernd"]
[Black "Depasse, Jean Marc"]
[Result "1/2-1/2"]
[WhiteElo "2352"]
[BlackElo "2377"]
[PlyCount "41"]
[EventDate "2021.04.06"]
[EventType "tourn (corr)"]
[EventRounds "6"]
[EventCountry "GER"]
[SourceTitle "Corr 2024"]
[Source "ChessBase"]
[SourceDate "2023.10.19"]
[SourceVersion "1"]
[SourceVersionDate "2023.10.19"]
[SourceQuality "1"]

1. e4 e6 2. d4 d5 3. Nc3 Nf6 4. e5 Nfd7 5. f4 c5 6. Nf3 Be7 7. a3 0-0 8. Be3 Qb6 9. Na4 Qa5+ 10. c3 c4 11. b4 cxb3 12. Qxb3 b6 13. Nb2 Ba6 14. f5 Bxf1 15. Rxf1 Nc6 16. Nd3 Rac8 17. Kf2 f6 18. fxe6 Ndxe5 19. dxe5 fxe5 20. Nb4 e4 21. Nxd5 1/2-1/2

[Event "ST-2020-0-00172"]
[Site "LSS email"]
[Date "2020.12.01"]
[Round "?"]
[White "Depasse, Jean Marc"]
[Black "Susla, Vitaliy"]
[Result "1/2-1/2"]
[WhiteElo "2377"]
[BlackElo "2351"]
[PlyCount "94"]
[EventDate "2020.10.27"]
[EventType "tourn (corr)"]
[EventRounds "6"]
[EventCountry "GER"]
[SourceTitle "Corr 2024"]
[Source "ChessBase"]
[SourceDate "2023.10.19"]
[SourceVersion "1"]
[SourceVersionDate "2023.10.19"]
[SourceQuality "1"]

1. d4 Nf6 2. c4 g6 3. Nf3 Bg7 4. Nc3 0-0 5. g3 d5 6. cxd5 Nxd5 7. Bg2 Nb6 8. 0-0 Nc6 9. e3 Re8 10. Re1 a5 11. Qe2 Be6 12. Nd2 a4 13. Rd1 f5 14. h4 Bf7 15. Nf3 Bc4 16. Qc2 Nb4 17. Qb1 N4d5 18. Nd2 Nxc3 19. bxc3 Bd5 20. e4 fxe4 21. Nxe4 Qd7 22. Bf4 Qc6 23. h5 Rf8 24. Re1 Rf5 25. hxg6 hxg6 26. Re2 Raf8 27. Qc2 Nd7 28. Rae1 b5 29. Bg5 e5 30. Qd2 Nb6 31. Be7 R8f7 32. Bb4 Nc4 33. Qd1 Rd7 34. Qd3 Rdf7 35. a3 Bh6 36. g4 Rf4 37. Qh3 Bxe4 38. Rxe4 Qf6 39. R4e2 e4 40. Bxe4 Qg5 41. f3 Nd2 42. Rxd2 Rxe4 43. Rde2 Rxe2 44. Rxe2 Bf8 45. Qf1 Bxb4 46. cxb4 Qf4 47. Re8+ Rf8 1/2-1/2

[Event "ST-2020-0-00172"]
[Site "LSS email"]
[Date "2020.12.01"]
[Round "?"]
[White "Wosch, Arkadiusz"]
[Black "Depasse, Jean Marc"]
[Result "1/2-1/2"]
[WhiteElo "2350"]
[BlackElo "2377"]
[PlyCount "79"]
[EventDate "2020.10.27"]
[EventType "tourn (corr)"]
[EventRounds "6"]
[EventCountry "GER"]
[SourceTitle "Corr 2024"]
[Source "ChessBase"]
[SourceDate "2023.10.19"]
[SourceVersion "1"]
[SourceVersionDate "2023.10.19"]
[SourceQuality "1"]

1. e4 e5 2. Nf3 Nf6 3. Nxe5 d6 4. Nf3 Nxe4 5. d4 d5 6. Bd3 Nc6 7. 0-0 Be7 8. c4 Nb4 9. Be2 0-0 10. a3 Nc6 11. cxd5 Qxd5 12. Nc3 Nxc3 13. bxc3 Bf5 14. Re1 Rfe8 15. Bf4 Rac8 16. Qa4 h6 17. Bg3 Bf8 18. h3 a6 19. Rad1 Bd7 20. Qc2 Bf5 21. Qb2 b5 22. Nh4 Bd7 23. Bf3 Rxe1+ 24. Rxe1 Qc4 25. Bd1 Na5 26. Nf3 Qd5 27. Ne5 Nc4 28. Nxc4 Qxc4 29. Bb3 Qc6 30. Qa2 Qg6 31. a4 c5 32. axb5 axb5 33. Bc2 Qf6 34. Be5 Qg5 35. Re3 Be6 36. Qb1 b4 37. Rg3 Qd2 38. Rd3 Qe2 39. Re3 Qd2 40. Rd3 1/2-1/2

[Event "SM-2019-0-00410"]
[Site "LSS email"]
[Date "2019.07.22"]
[Round "?"]
[White "Depasse, Jean Marc"]
[Black "Wosch, Arkadiusz Janusz"]
[Result "1/2-1/2"]
[WhiteElo "2377"]
[BlackElo "2394"]
[PlyCount "60"]
[EventDate "2019.03.11"]
[EventType "tourn (corr)"]
[EventRounds "6"]
[EventCountry "GER"]
[SourceTitle "Corr 2022"]
[Source "ChessBase"]
[SourceDate "2021.10.24"]
[SourceVersion "1"]
[SourceVersionDate "2021.10.24"]
[SourceQuality "1"]

1. d4 Nf6 2. c4 e6 3. Nc3 Bb4 4. f3 d5 5. a3 Bxc3+ 6. bxc3 c5 7. cxd5 exd5 8. e3 0-0 9. Bd3 b6 10. Ne2 Ba6 11. 0-0 Re8 12. Ng3 Bxd3 13. Qxd3 Nc6 14. Bb2 cxd4 15. cxd4 h5 16. e4 h4 17. Nf5 dxe4 18. fxe4 Rxe4 19. Nh6+ gxh6 20. Rxf6 Qxf6 21. Qxe4 Qg6 22. Qxh4 Re8 23. Qf2 Qh5 24. Qg3+ Qg5 25. Qf3 Qe3+ 26. Qxe3 Rxe3 27. d5 Ne5 28. Rd1 Nd7 29. Kf2 Rb3 30. Bc1 f6 1/2-1/2

[Event "SM-2019-0-00410"]
[Site "LSS email"]
[Date "2019.07.10"]
[Round "?"]
[White "Depasse, Jean Marc"]
[Black "Ketelhoehn, Bernd"]
[Result "1/2-1/2"]
[WhiteElo "2377"]
[BlackElo "2422"]
[PlyCount "104"]
[EventDate "2019.03.11"]
[EventType "tourn (corr)"]
[EventRounds "6"]
[EventCountry "GER"]
[SourceTitle "Corr 2022"]
[Source "ChessBase"]
[SourceDate "2021.10.24"]
[SourceVersion "1"]
[SourceVersionDate "2021.10.24"]
[SourceQuality "1"]

1. d4 d5 2. c4 c6 3. Nc3 Nf6 4. Nf3 e6 5. Bg5 dxc4 6. e4 b5 7. e5 h6 8. Bh4 g5 9. Nxg5 hxg5 10. Bxg5 Be7 11. exf6 Bxf6 12. Bxf6 Qxf6 13. g3 Na6 14. Bg2 Bb7 15. Ne4 Qe7 16. 0-0 0-0-0 17. a4 f5 18. Nc3 b4 19. Ne2 Nc5 20. Qc2 Nb3 21. Rad1 Ba6 22. Bxc6 Rd6 23. Bg2 Qh7 24. h4 f4 25. Be4 Qg7 26. Kh2 Qf6 27. Kg2 Qg7 28. Kh2 Qf6 29. Bf3 Qf5 30. Qxf5 exf5 31. Rfe1 fxg3+ 32. fxg3 Kd7 33. d5 Rc8 34. Nd4 Nxd4 35. Rxd4 b3 36. Rc1 c3 37. bxc3 Rc4 38. Rxc4 Bxc4 39. Rb1 Rb6 40. Rb2 Kd6 41. h5 Ke5 42. a5 Rb8 43. Kg1 Bxd5 44. Be2 Ke4 45. Kf2 Bf7 46. h6 Rh8 47. c4 Rxh6 48. Bf3+ Kd4 49. Rxb3 Bxc4 50. Rb7 a6 51. Rd7+ Kc5 52. Re7 Rh2+ 1/2-1/2

[Event "SM-2018-0-00400"]
[Site "LSS email"]
[Date "2018.11.20"]
[Round "?"]
[White "Depasse, Jean Marc"]
[Black "Susla, Vitaliy"]
[Result "1/2-1/2"]
[WhiteElo "2382"]
[BlackElo "2333"]
[PlyCount "60"]
[EventDate "2018.07.15"]
[EventType "tourn (corr)"]
[EventRounds "6"]
[EventCountry "GER"]
[SourceTitle "Corr 2022"]
[Source "ChessBase"]
[SourceDate "2021.10.24"]
[SourceVersion "1"]
[SourceVersionDate "2021.10.24"]
[SourceQuality "1"]

1. d4 d5 2. c4 c6 3. Nc3 e6 4. Nf3 Nf6 5. e3 Nbd7 6. Qc2 Bd6 7. Bd3 dxc4 8. Bxc4 0-0 9. 0-0 b5 10. Be2 Bb7 11. e4 e5 12. dxe5 Nxe5 13. Nh4 g6 14. f4 Bc5+ 15. Kh1 Neg4 16. g3 Bd4 17. e5 c5+ 18. Bf3 Bxf3+ 19. Rxf3 b4 20. Ne2 Qd5 21. h3 Nf2+ 22. Kg2 N6e4 23. Nxd4 cxd4 24. Rxf2 Nxf2+ 25. Kxf2 Rac8 26. Qd1 d3 27. Bd2 Rc2 28. Nf3 f6 29. exf6 Rxf6 30. Rc1 Rfc6 1/2-1/2

[Event "SM-2018-0-00397"]
[Site "LSS email"]
[Date "2018.07.20"]
[Round "?"]
[White "Depasse, Jean Marc"]
[Black "Bernal Varela, Nelson"]
[Result "1/2-1/2"]
[WhiteElo "2382"]
[BlackElo "2396"]
[PlyCount "111"]
[EventDate "2018.05.30"]
[EventType "tourn (corr)"]
[EventRounds "6"]
[EventCountry "GER"]
[SourceTitle "Corr 2022"]
[Source "ChessBase"]
[SourceDate "2021.10.24"]
[SourceVersion "1"]
[SourceVersionDate "2021.10.24"]
[SourceQuality "1"]

1. d4 e6 2. e4 d5 3. Nc3 Nf6 4. e5 Nfd7 5. f4 c5 6. Nf3 cxd4 7. Nxd4 Nc6 8. Be3 Qb6 9. Qd2 Qxb2 10. Rb1 Qa3 11. Bb5 Nxd4 12. Bxd4 a6 13. Bxd7+ Bxd7 14. Rb3 Qe7 15. Rxb7 Qd8 16. 0-0 Rc8 17. f5 exf5 18. Qd3 Bc5 19. Bxc5 Rxc5 20. Nxd5 Bc8 21. Re7+ Kf8 22. Qa3 Qa5 23. Qxa5 Rxa5 24. Rc7 Be6 25. Nf4 Rxe5 26. Nxe6+ Rxe6 27. Rxf5 Re7 28. Rc8+ Re8 29. Rfc5 Ke7 30. R8c7+ Kf6 31. Rc3 Rhf8 32. Ra7 Re6 33. Rf3+ Kg6 34. c4 h5 35. h4 Rc6 36. Rc3 Kh6 37. Kf2 f6 38. Rd7 Re8 39. c5 Re5 40. Rd6 Rcxc5 41. Rxc5 Rxc5 42. Rxa6 Rc2+ 43. Kf3 Rc3+ 44. Kf4 Rc4+ 45. Kg3 Kh7 46. a4 Rc3+ 47. Kf4 Rc4+ 48. Kg3 Rg4+ 49. Kh3 Kg6 50. Ra7 Rc4 51. a5 Ra4 52. a6 Kh6 53. Ra8 Ra3+ 54. g3 Kg6 55. Ra7 Ra2 56. Ra8 1/2-1/2

[Event "SM-2018-0-00397"]
[Site "LSS email"]
[Date "2018.07.20"]
[Round "?"]
[White "Greet, Andrew"]
[Black "Depasse, Jean Marc"]
[Result "1/2-1/2"]
[WhiteElo "2388"]
[BlackElo "2382"]
[PlyCount "43"]
[EventDate "2018.05.30"]
[EventType "tourn (corr)"]
[EventRounds "6"]
[EventCountry "GER"]
[SourceTitle "Corr 2022"]
[Source "ChessBase"]
[SourceDate "2021.10.24"]
[SourceVersion "1"]
[SourceVersionDate "2021.10.24"]
[SourceQuality "1"]

1. Nf3 Nf6 2. c4 e6 3. g3 a6 4. Bg2 b5 5. b3 c5 6. Nc3 Qb6 7. 0-0 Bb7 8. Re1 Be7 9. e4 0-0 10. e5 Ne8 11. d4 cxd4 12. Qxd4 Qxd4 13. Nxd4 Bxg2 14. Kxg2 f6 15. f4 fxe5 16. fxe5 Bc5 17. Nf3 Bb4 18. Bd2 bxc4 19. bxc4 Nc6 20. Ne4 Rc8 21. Re3 a5 22. Rd1 1/2-1/2

[Event "SM-2018-0-00397"]
[Site "LSS email"]
[Date "2018.07.20"]
[Round "?"]
[White "Muniz Pardino, Alberto"]
[Black "Depasse, Jean Marc"]
[Result "1/2-1/2"]
[WhiteElo "2259"]
[BlackElo "2382"]
[PlyCount "51"]
[EventDate "2018.05.30"]
[EventType "tourn (corr)"]
[EventRounds "6"]
[EventCountry "GER"]
[SourceTitle "Corr 2022"]
[Source "ChessBase"]
[SourceDate "2021.10.24"]
[SourceVersion "1"]
[SourceVersionDate "2021.10.24"]
[SourceQuality "1"]

1. d4 Nf6 2. c4 e6 3. Nf3 b6 4. g3 Ba6 5. Qc2 Bb4+ 6. Bd2 Be7 7. e4 d5 8. exd5 exd5 9. Ne5 Bb7 10. Bg2 0-0 11. 0-0 Nc6 12. Bc3 Qc8 13. Nd2 Re8 14. Qa4 Bf8 15. Rfe1 a5 16. a3 Qf5 17. Re2 Nxe5 18. dxe5 c6 19. Qd1 Qe6 20. Re1 Nd7 21. cxd5 cxd5 22. f4 Nc5 23. Nf3 Rac8 24. Nd4 Qd7 25. Bf3 Ne6 26. Bg4 1/2-1/2